• 首页
  • 本馆介绍
  • 公告通知
  • 最新文献
  • 馆藏检索
  • 电子资源
  • 读者导购
  • 参考咨询
  • 我的图书馆
  • 登录
  • 详细信息显示
  • 放入我的书架
  • 预约/预借图书
  • 作者相关作品
  • 分类相关作品
  • 丛书相关作品
  • 出版社相关作品

书目信息

  • 表格格式
  • 工作单格式
  • 卡片格式
题名:
中国古典文学研究论文索引
    
 
作者: ;中国社会科学院文学研究所图书资料室 编
分册:  
出版信息: 北京   中华书局出版  1995.07
页数: 610页
开本: 21cm
丛书名:
单 册:
中图分类: Z89:I206.2
科图分类:
主题词: 索引--古典文学--文学研究--中国
电子资源:
ISBN: 7-101-01180-2
000 00721nam0 2200193 45
001 0181015767
005 20061127160111.79
010    @a7-101-01180-2@dCNY27.00
100    @a20810111d1995 km y0chiy0120 ea
101 0  @achi
200 1  @a中国古典文学研究论文索引@AZhong Guo Gu Dian Wen Xue Yan Jiu Lun Wen Suo Yin@e1984.1-1985.12@f中国社会科学院文学研究所图书资料室编@FZhong Guo She Hui Ke Xue Yuan Wen Xue Yan Jiu Suo Tu Shu Zi Liao Shi Bian
210    @a北京@c中华书局出版@d1995.07
215    @a610页@d21cm
517    @a1984.1-1985.12
606 0  @a索引@x古典文学@x文学研究@x中国
690    @aZ89:I206.2@v3
711 02 @a中国社会科学院文学研究所图书资料室@4编
801    @aCN@bTSTC@c20061127
905    @dZ89:I206.2@e55(84-85)
    
    中国古典文学研究论文索引:1984.1-1985.12/中国社会科学院文学研究所图书资料室编.-北京:中华书局出版,1995.07
    610页;21cm
    
    
    ISBN 7-101-01180-2:CNY27.00
    
●
相关链接 在E读中查询图书 在五车中查询图书 在当当中查询图书 在豆瓣中查询图书


正题名:中国古典文学研究论文索引     索取号:Z89:I206.2/55(84-85)         预约/预借

序号 登录号 条形码 馆藏地/架位号 状态 备注
1 0274387   000791771   第二样本阅览室/ [索取号:Z89:I206.2/55(84-85)] 在馆    
唐山师范学院图书馆 欢迎您!
大连网信软件有限公司© 版权所有